[Event "Lyon op"]
[Site "Lyon"]
[Date "2015.04.18"]
[Round "5"]
[White "Gazel, Arthur"]
[Black "Brunel, Matthias"]
[Result "1-0"]
[WhiteElo "1554"]
[BlackElo "1300"]
[PlyCount "91"]
[EventDate "2015.04.15"]
[EventType "swiss"]
[EventRounds "7"]
[EventCountry "FRA"]
[SourceTitle "EXT 2016"]
[Source "ChessBase"]
[SourceDate "2015.10.08"]
[SourceVersion "1"]
[SourceVersionDate "2015.10.08"]
[SourceQuality "1"]

1. e4 e6 2. d4 d5 3. e5 c5 4. Nf3 Nc6 5. c3 Qb6 6. g3 Nge7 7. Bg2 cxd4 8. cxd4 Nf5 9. 0-0 Nfxd4 10. Be3 Nxf3+ 11. Bxf3 Qxb2 12. Qd2 Qxd2 13. Nxd2 Nxe5 14. Bg2 Bd7 15. Nb3 Bb4 16. Bd4 Bd6 17. Rae1 Bb5 18. Bxe5 Bxe5 19. Rxe5 Bxf1 20. Kxf1 0-0 21. Nc5 b6 22. Nb3 Rac8 23. Re3 Rc2 24. a3 Ra2 25. Nd4 Rc8 26. Nb5 a6 27. Nd4 Rc1+ 28. Re1 Rxe1+ 29. Kxe1 Rxa3 30. Nc2 Rc3 31. Kd2 Rc7 32. Bf1 a5 33. Bb5 f5 34. Nd4 Kf7 35. Nc6 Kf6 36. f4 Kg6 37. h3 Kh5 38. Ne5 Rc5 39. Bd7 b5 40. Bxe6 a4 41. Bg8 a3 42. Bxh7 a2 43. Bg6+ Kh6 44. g4 fxg4 45. hxg4 a1Q 46. g5# 1-0